<?xml version="1.0" encoding="UTF-8"?>
<record
    xmlns:xsi="http://www.w3.org/2001/XMLSchema-instance"
    xsi:schemaLocation="http://www.loc.gov/MARC21/slim http://www.loc.gov/standards/marcxml/schema/MARC21slim.xsd"
    xmlns="http://www.loc.gov/MARC21/slim">

  <leader>01648nam a2200337 a 4500</leader>
  <controlfield tag="001"> </controlfield>
  <controlfield tag="003">DO-SdBNP</controlfield>
  <controlfield tag="005">20221122085051.0</controlfield>
  <controlfield tag="008">090821s2000 dr 001 0 spa d</controlfield>
  <datafield tag="040" ind1=" " ind2=" ">
    <subfield code="a">DO-SdBNP</subfield>
    <subfield code="b">spa</subfield>
    <subfield code="c">BPMSU </subfield>
  </datafield>
  <datafield tag="082" ind1=" " ind2=" ">
    <subfield code="a">327.4607293</subfield>
    <subfield code="b">R426c 2000</subfield>
    <subfield code="2">22</subfield>
  </datafield>
  <datafield tag="110" ind1="2" ind2=" ">
    <subfield code="a">Pellerano &amp;Herrera </subfield>
  </datafield>
  <datafield tag="240" ind1="1" ind2="0">
    <subfield code="a">Tratados, etc.</subfield>
  </datafield>
  <datafield tag="245" ind1="1" ind2="0">
    <subfield code="a">Convenios bilaterales entre la Rep&#xFA;blica Dominicana y el Reino de Espa&#xF1;a /</subfield>
    <subfield code="c">Pellerano &amp; Herrera abogados ; presentaci&#xF3;n Eduardo Latorre ; edici&#xF3;n Ana E. Mart&#xED;nez.</subfield>
  </datafield>
  <datafield tag="260" ind1=" " ind2=" ">
    <subfield code="a">Santo Domingo :</subfield>
    <subfield code="b">Pellerano &amp; Herrera,</subfield>
    <subfield code="c">2000.</subfield>
  </datafield>
  <datafield tag="300" ind1=" " ind2=" ">
    <subfield code="a">147 p. ;</subfield>
    <subfield code="c">23 cm.</subfield>
  </datafield>
  <datafield tag="500" ind1=" " ind2=" ">
    <subfield code="a">Incluye nota sobre la recopilaci&#xF3;n realizada por Orlando Zaglul en la p. 11.</subfield>
  </datafield>
  <datafield tag="500" ind1=" " ind2=" ">
    <subfield code="a">Incluye &#xED;ndice cronol&#xF3;gico de los tratados comerciales entre ambos pa&#xED;ses.</subfield>
  </datafield>
  <datafield tag="505" ind1="2" ind2=" ">
    <subfield code="t">Presentaci&#xF3;n /</subfield>
    <subfield code="r">Eduardo Latorre --</subfield>
    <subfield code="t">Notas sobre la recopilaci&#xF3;n /</subfield>
    <subfield code="r">Felipe Zaglul Criado --</subfield>
    <subfield code="t">El primer tratado bilateral --</subfield>
    <subfield code="t">Nacionalidad --</subfield>
    <subfield code="t">Cooperaci&#xF3;n t&#xE9;cnica y cient&#xED;fica --</subfield>
    <subfield code="t">Laborales --</subfield>
    <subfield code="t">Transportes y servicios --</subfield>
    <subfield code="t">Turismo --</subfield>
    <subfield code="t">Judiciales --</subfield>
    <subfield code="t">Propiedad intelectual --</subfield>
    <subfield code="t">Econ&#xF3;mico y financieros.</subfield>
  </datafield>
  <datafield tag="590" ind1=" " ind2=" ">
    <subfield code="a">Inventariado, 2021/VM</subfield>
  </datafield>
  <datafield tag="650" ind1=" " ind2="4">
    <subfield code="a">Tratados comerciales</subfield>
    <subfield code="z">Rep&#xFA;blica Dominicana</subfield>
  </datafield>
  <datafield tag="650" ind1=" " ind2="4">
    <subfield code="a">Negociaciones comerciales</subfield>
  </datafield>
  <datafield tag="651" ind1=" " ind2="4">
    <subfield code="a">Rep&#xFA;blica Dominicana</subfield>
    <subfield code="x">Relaciones Exteriores</subfield>
    <subfield code="z">Espa&#xF1;a</subfield>
  </datafield>
  <datafield tag="651" ind1=" " ind2="4">
    <subfield code="a">Espa&#xF1;a</subfield>
    <subfield code="x">Relaciones Exteriores</subfield>
    <subfield code="z">Rep&#xFA;blica Dominicana</subfield>
  </datafield>
  <datafield tag="700" ind1="1" ind2=" ">
    <subfield code="a">Zaglul Criado, Orlando,</subfield>
    <subfield code="e">comp.</subfield>
  </datafield>
  <datafield tag="700" ind1="1" ind2=" ">
    <subfield code="a">Latorre, Orlando,</subfield>
    <subfield code="e">presentaci&#xF3;n </subfield>
  </datafield>
  <datafield tag="700" ind1="1" ind2=" ">
    <subfield code="a">Mart&#xED;nez, Ana E.,</subfield>
    <subfield code="e">ed.</subfield>
  </datafield>
  <datafield tag="710" ind1="2" ind2=" ">
    <subfield code="a">Secretar&#xED;a de Estado de Relaciones Exteriores (Rep&#xFA;blica Dominicana)</subfield>
  </datafield>
  <datafield tag="910" ind1=" " ind2=" ">
    <subfield code="a">VMateo V. </subfield>
  </datafield>
  <datafield tag="942" ind1=" " ind2=" ">
    <subfield code="2">ddc</subfield>
    <subfield code="c">BK</subfield>
  </datafield>
  <datafield tag="952" ind1=" " ind2=" ">
    <subfield code="0">0</subfield>
    <subfield code="1">0</subfield>
    <subfield code="2">ddc</subfield>
    <subfield code="4">0</subfield>
    <subfield code="7">0</subfield>
    <subfield code="8">CD</subfield>
    <subfield code="a">BPMET</subfield>
    <subfield code="b">BPMET</subfield>
    <subfield code="d">2021-11-25</subfield>
    <subfield code="e">Pellerano &amp; Herrera  </subfield>
    <subfield code="l">0</subfield>
    <subfield code="o">BPMSU CD 327.4607293 R426c 2000</subfield>
    <subfield code="p">BPMSU21110127</subfield>
    <subfield code="r">2021-11-25</subfield>
    <subfield code="w">2021-11-25</subfield>
    <subfield code="y">BK</subfield>
  </datafield>
  <datafield tag="952" ind1=" " ind2=" ">
    <subfield code="0">0</subfield>
    <subfield code="1">0</subfield>
    <subfield code="2">ddc</subfield>
    <subfield code="4">0</subfield>
    <subfield code="7">0</subfield>
    <subfield code="8">CD</subfield>
    <subfield code="a">BPMET</subfield>
    <subfield code="b">BPMET</subfield>
    <subfield code="d">2021-11-25</subfield>
    <subfield code="e">Pellerano &amp; Herrera  </subfield>
    <subfield code="l">0</subfield>
    <subfield code="o">BPMSU CD 327.4607293 R426c 2000</subfield>
    <subfield code="p">BPMSU21110128</subfield>
    <subfield code="r">2021-11-25</subfield>
    <subfield code="t">e.2</subfield>
    <subfield code="w">2021-11-25</subfield>
    <subfield code="y">BK</subfield>
  </datafield>
  <datafield tag="952" ind1=" " ind2=" ">
    <subfield code="0">0</subfield>
    <subfield code="1">0</subfield>
    <subfield code="2">ddc</subfield>
    <subfield code="4">0</subfield>
    <subfield code="7">0</subfield>
    <subfield code="8">CD</subfield>
    <subfield code="a">BPMET</subfield>
    <subfield code="b">BPMET</subfield>
    <subfield code="d">2021-11-25</subfield>
    <subfield code="e">Pellerano &amp; Herrera  </subfield>
    <subfield code="l">0</subfield>
    <subfield code="o">BPMSU CD 327.4607293 R426c 2000</subfield>
    <subfield code="p">BPMSU22110026</subfield>
    <subfield code="r">2022-11-22</subfield>
    <subfield code="t">e.3</subfield>
    <subfield code="w">2021-11-25</subfield>
    <subfield code="y">BK</subfield>
  </datafield>
  <datafield tag="999" ind1=" " ind2=" ">
    <subfield code="c">13903</subfield>
    <subfield code="d">13903</subfield>
  </datafield>
</record>
